000
00359nam a2200145 a 4500
005
20140414131903.0
008
100922s19uu xx 00 eng d
050
_a
FIC
_b
K84 2005
100
_a
Korman, Gordon
245
_a
The stowaway solution.
260
_a
New York :
_b
Scholastic ,
_c
2005.
440
_a
On the run
999
_c
110802
_d
110802